Handbook of power Technology : Granulation

Saved in:
Bibliographic Details
Main Authors: Williams, J. C. (Author), Allen, T. (Author)
Format: Book
Language:English
Published: Elsevier, 2007
Edition:1.vyd.
Subjects:
Tags: Add Tag
No Tags, Be the first to tag this record!

MARC

LEADER 00000nam a22000003a 4500
001 stu189027
005 20150617225606.7
008 090827s2007------------------------eng-d
020 |a 978-0-444-51871-2 
040 |a STU  |b slo 
041 0 |a eng 
080 |a 548.734,3  |7 A000003318 
100 1 |a Williams, J. C.  |4 aut  |9 50 
245 1 |a Handbook of power Technology :  |b Granulation 
250 |a 1.vyd. 
260 |b Elsevier,  |c 2007 
300 |a 1390 s 
650 7 |a granulácia  |2 stusub 
700 1 |a Allen, T.  |4 aut  |9 50 
996 |b 284J035341  |c J*110924  |l JJSK  |s A  |a 24  |w stu189027_0001